000 00617nam a2200241 a 4500
001 nice12345678
003 IN_TiNIC
005 20260116013253.0
008 050524s2000 alla grp 000 0 eng
020 _a8171114
_c880
082 0 0 _a340.59
_bVER
100 _aVerma, B R
245 _aCommentaries on Mohammedan Law. 7th Edition
260 _aAllahabad
_bLaw Publishers,
_c2000
300 _a1232p
500 _aincludes index and biblioraphy
505 2 _aAppendix, Index
650 _aIslamic-Law Interpretation
700 1 _aVerma, B R
902 _bSRS
942 _cBK
999 _c10341
_d10341